| 000 | 01864cam a2200313 4500500 | ||
|---|---|---|---|
| 005 | 20260405001609.0 | ||
| 041 | _afre | ||
| 042 | _adc | ||
| 100 | 1 | 0 |
_aAyroulet, Élie _eauthor |
| 245 | 0 | 0 | _aJean Cassien était-il « semi-pélagien » ? |
| 260 | _c2025. | ||
| 500 | _a78 | ||
| 520 | _aL’article interroge la pertinence du qualificatif de « semi-pélagien » appliqué à Jean Cassien, à partir de sa Conférence xiii et de son contexte théologique provençal. En examinant les critiques adressées par Prosper et Hilaire, et en distinguant plusieurs courants anti-augustiniens, l’auteur montre que Cassien ne peut être assimilé simplement à une position semi-pélagienne. Il propose une synthèse originale entre grâce divine et liberté humaine, à travers une anthropologie spirituelle nuancée. | ||
| 520 | _aThe article questions the relevance of the term “semi-Pelagian” as applied to John Cassian, based on his Conference xiii and the Provençal theological context. By examining the criticisms made by Prosper and Hilary, and by distinguishing several anti-Augustinian currents, the author shows that Cassian cannot simply be equated with a semi-Pelagian position. He proposes an original synthesis between divine grace and human freedom, through a nuanced spiritual anthropology. | ||
| 690 | _aAugustin | ||
| 690 | _aCassien | ||
| 690 | _aGrâce | ||
| 690 | _aLibre arbitre | ||
| 690 | _aSemi-pélagianisme | ||
| 690 | _aThéologie antique | ||
| 690 | _aAncient theology | ||
| 690 | _aAugustine | ||
| 690 | _aCassian | ||
| 690 | _aFree will | ||
| 690 | _aGrace | ||
| 690 | _aSemi-Pelagianism | ||
| 786 | 0 | _nNouvelle revue théologique | 147 | 4 | 2025-09-02 | p. 608-627 | 0029-4845 | |
| 856 | 4 | 1 | _uhttps://shs.cairn.info/revue-nouvelle-revue-theologique-2025-4-page-608?lang=fr&redirect-ssocas=7080 |
| 999 |
_c2049108 _d2049108 |
||